Исследование влияния фильтрационной анизотропии на разработку неоднородных коллекторов нефти и газа: автореферат диссертации на соискание ученой степени кандидата геолого-минералогических наук; спец. 25.00.16

Bibliografiske detaljer
Hovedforfatter: Исказиев К. О. Курмангазы Орынгазиевич
Institution som forfatter: Томский политехнический университет
Andre forfattere: Ерофеев Л. Я. Леонид Яковлевич (научный руководитель)
Summary:Защита сост. 8.12.2006 г.
Sprog:russisk
Udgivet: Томск, [Б. и.], 2006
Fag:
Format: MixedMaterials Bog
KOHA link:https://koha.lib.tpu.ru/cgi-bin/koha/opac-detail.pl?biblionumber=106788

MARC

LEADER 00000nam0a2200000 4500
001 106788
005 20231031115033.0
035 |a (RuTPU)RU\TPU\book\115324 
090 |a 106788 
100 |a 20061214d2006 k y0rusy50 ca 
101 0 |a rus 
102 |a RU 
105 |a a dm 001zy 
200 1 |a Исследование влияния фильтрационной анизотропии на разработку неоднородных коллекторов нефти и газа  |e автореферат диссертации на соискание ученой степени кандидата геолого-минералогических наук  |e спец. 25.00.16  |f К. О. Исказиев  |g Томский политехнический университет; науч. рук. Л. Я. Ерофеев 
210 |a Томск  |c [Б. и.]  |d 2006 
215 |a 21 с.  |c ил. 
300 |a Защита сост. 8.12.2006 г. 
320 |a Библиогр.: с. 20-21 (8 назв.). 
452 1 |0 (RuTPU)RU\TPU\book\116704  |t Исследование влияния фильтрационной анизотропии на разработку неоднородных коллекторов нефти и газа  |o автореферат диссертации на соискание ученой степени кандидата геолого-минералогических наук  |f К. О. Исказиев  |g Томский политехнический университет; науч. рук. Л. Я. Ерофеев  |c Томск  |n Б. и.  |d 2006  |a Исказиев, Курмангазы Орынгазиевич 
610 1 |a нефтегазовая промышленность 
610 1 |a нефть 
610 1 |a газ 
610 1 |a неоднородные коллекторы 
610 1 |a фильтрационная анизотропия 
610 1 |a горизонтальная проницаемость 
610 1 |a величины 
610 1 |a пространственная ориентация 
610 1 |a нефтяные месторождения 
610 1 |a месторождение Кисимбай 
610 1 |a разработка 
610 1 |a литолого-петрофизическая характеристика 
610 1 |a авторефераты диссертаций 
675 |a 622.276:532(04)  |v 3 
686 |a 25.00.16  |2 oksvnk 
700 1 |a Исказиев  |b К. О.  |g Курмангазы Орынгазиевич 
702 1 |a Ерофеев  |b Л. Я.  |c геолог, геофизик  |c профессор Томского политехнического университета, доктор геолого-минералогических наук  |f 1935-  |g Леонид Яковлевич  |2 stltpush  |3 (RuTPU)RU\TPU\pers\15850  |4 727 
712 0 2 |a Томский политехнический университет  |z 1991-  |2 stltpush  |3 (RuTPU)RU\TPU\col\376 
801 1 |a RU  |b 63413507  |c 20061214  |g PSBO 
801 2 |a RU  |b 63413507  |c 20150525  |g PSBO 
942 |c BK